Υλοποίηση βιβλιοθήκης λογισμικού για την εγκαθίδρυση ασφαλούς καναλιού επικοινωνίας ανεξαρτήτου πλατφόρμας στο επίπεδο εφαρμογής = Implementation of a cross-platform software library for establishing an application layer secure channel : πτυχιακή εργασία
Στην παρούσα πτυχιακή εργασία, προτείνουμε μια βιβλιοθήκη ασφάλειας που την επονομάζουμε «Lightweight Iot Crypto Library»(LICL) η οποία υποστηρίζει πολυάριθμες ετερογενείς πλατφόρμες κινητών συσκευών και επιτρέπει την κρυπτογραφημένη επικοινωνία στο επίπεδο εφαρμογής μεταξύ των δυο μερών (συνήθως με...
Αποθηκεύτηκε σε:
| Κύριος συγγραφέας: | |
|---|---|
| Συγγραφή απο Οργανισμό/Αρχή: | |
| Μορφή: | Thesis Βιβλίο |
| Γλώσσα: | English |
| Δημοσίευση: |
2017.
|
| Θέματα: | |
| Διαθέσιμο Online: | http://hdl.handle.net/11610/19610 |
| Ετικέτες: |
Προσθήκη ετικέτας
Δεν υπάρχουν, Καταχωρήστε ετικέτα πρώτοι!
|
MARC
| LEADER | 00000cam a2200000 a 4500 | ||
|---|---|---|---|
| 001 | 1/114359 | ||
| 008 | 170615s2017####gr | ||| |||| ||eng|| | ||
| 040 | |a GR-MyUa |b gre |c GR-MyUa |e AACR2 | ||
| 041 | 0 | |a eng | |
| 082 | 7 | |a 005.82 |2 (23) | |
| 100 | 1 | |a Δρακάτος, Παναγιώτης. | |
| 245 | 1 | 0 | |a Υλοποίηση βιβλιοθήκης λογισμικού για την εγκαθίδρυση ασφαλούς καναλιού επικοινωνίας ανεξαρτήτου πλατφόρμας στο επίπεδο εφαρμογής = Implementation of a cross-platform software library for establishing an application layer secure channel : |b πτυχιακή εργασία / |c Παναγιώτης Δρακάτος ; επιβλέποντες καθηγητές Γεώργιος Καμπουράκης, Μάριος Αναγνωστόπουλος. |
| 246 | 1 | |i Παράλληλος τίτλος : |a Implementation of a cross-platform software library for establishing an application layer secure channel | |
| 260 | |c 2017. | ||
| 300 | |a x, 56 σ. : |b σχέδια, πιν. ; |c 30 εκ. | ||
| 500 | |a Μέλη της εξεταστικής επιτροπής: Καμπουράκης Γεώργιος, Αναγνωστόπουλος Μάριος, Κωνσταντίνου Ελισάβετ, Ριζομυλιώτης Παναγιώτης. | ||
| 502 | |a Πτυχιακή εργασία - Πανεπιστήμιο Αιγαίου, Σάμος, 2017. | ||
| 504 | |a Βιβλιογραφία: σ, 51-56. | ||
| 506 | 1 | |a Διάθεση πλήρους κειμένου ; |d Ενδοπανεπιστημιακή δημοσίευση. | |
| 520 | 8 | |a Στην παρούσα πτυχιακή εργασία, προτείνουμε μια βιβλιοθήκη ασφάλειας που την επονομάζουμε «Lightweight Iot Crypto Library»(LICL) η οποία υποστηρίζει πολυάριθμες ετερογενείς πλατφόρμες κινητών συσκευών και επιτρέπει την κρυπτογραφημένη επικοινωνία στο επίπεδο εφαρμογής μεταξύ των δυο μερών (συνήθως μεταξύ του τελικού χρήστη και ενός διακομιστή). Αυτή η βιβλιοθήκη λογισμικού μπορεί να χρησιμοποιηθεί από σχεδόν οποιοδήποτε οργανισμό η προγραμματιστή που θέλει να δημιουργήσει ένα κανάλι ασφαλούς επικοινωνίας μεταξύ ενός χρήστη και ενός εταιρικού διακομιστή. Επειδή η βιβλιοθήκη LICL που προτείνουμε μπορεί να χρησιμοποιηθεί απευθείας σε σενάρια BYOD, παρέχουμε επιπλέον μια γενική επισκόπηση στο οικοσύστημα αυτό. Στην συνέχεια, η παρούσα πτυχιακή εξετάζει το πρωτόκολλο χειραψίας που χρησιμοποιείται από τη βιβλιοθήκη LICL και αναλύει την εσωτερική λειτουργία του. Επιπλέον, προκειμένου να αξιολογήσουμε την προτεινομένη βιβλιοθήκη, έχουμε εκτελέσει μια σειρά πειραμάτων από πλευράς συνολικού χρόνου εξυπηρέτησης του πελάτη, συγκρίνοντας τον αναμενόμενο χρόνο που λαμβάνουμε κάθε φορά με εκείνον του γνωστού πρωτοκόλλου TLS. Τέλος, παρέχουμε μια ανάλυση σχετικά με τις μελλοντικές προκλήσεις και βελτιστοποιήσεις όσο αφορά την προτεινομένη βιβλιοθήκη και στο συγκεκριμένο χώρο ερευνάς γενικότερα. | |
| 540 | |a Κλειδωμένη η δυνατότητα αντιγραφής (copy) του κειμένου. | ||
| 650 | 0 | |a Dissertations, Academic |z Greece. | |
| 650 | 0 | |a Cryptography. | |
| 650 | 0 | |a Cross-platform software development. | |
| 650 | 0 | |a Mobile communication systems |x Security measures. | |
| 700 | 1 | |a Καμπουράκης, Γεώργιος, |e dgs | |
| 700 | 1 | |a Αναγνωστόπουλος, Μάριος, |e dgs | |
| 710 | 2 | |a Πανεπιστήμιο Αιγαίου. |b Σχολή Θετικών Επιστημών. |b Τμήμα Μηχανικών Πληροφοριακών και Επικοινωνιακών Συστημάτων. | |
| 852 | |a INST |b SAMOS |c DIATR |e 20170615 |h 005.82 ΔΡΑ |p 005300044656 |q 005300044656 |t DIE |y 23 | ||
| 856 | |u http://hdl.handle.net/11610/19610 | ||
| 924 | |a Δρακάτος |b Παναγιώτης |y Σάμος |z 2017-03 | ||
| 970 | |a Κοσιέρης |b Χρήστος |z 15-06-2017 | ||